[Event "IECC O-4825"]
[Site "IECC email"]
[Date "2019.05.11"]
[Round "?"]
[White "Haaland, Phillip L"]
[Black "Stringer Lester, Della Diane"]
[Result "0-1"]
[WhiteElo "831"]
[BlackElo "1136"]
[PlyCount "84"]
[EventDate "2019.??.??"]
[EventType "swiss (corr)"]
[EventRounds "2"]
[SourceTitle "Corr 2024"]
[Source "ChessBase"]
[SourceDate "2023.10.19"]
[SourceVersion "1"]
[SourceVersionDate "2023.10.19"]
[SourceQuality "1"]
[WhiteTeam "Vereinigte Staaten"]
[BlackTeam "Vereinigte Staaten"]
[WhiteTeamCountry "USA"]
[BlackTeamCountry "USA"]

1. e4 c5 2. Bb5 a6 3. Ba4 b5 4. Bb3 c4 5. a4 cxb3 6. cxb3 Bb7 7. b4 Bxe4 8. f3 Bd3 9. axb5 Qb6 10. Nc3 Qe6+ 11. Nce2 Qc4 12. b3 Qxb5 13. Ba3 g6 14. Nf4 Qe5+ 15. Nge2 Bxe2 16. Qxe2 Qxa1+ 17. Qd1 Qe5+ 18. Ne2 e6 19. 0-0 a5 20. b5 Bxa3 21. f4 Qxb5 22. Nc3 Qc5+ 23. Rf2 Nf6 24. g3 h5 25. Na4 Qd4 26. Kg2 Na6 27. Rf1 Rb8 28. Qa1 Qxa1 29. Rxa1 Rxb3 30. Nc3 0-0 31. Rb1 Rfb8 32. Rc1 Bb4 33. Na2 Ne4 34. Rd1 Bc5 35. Re1 Nxd2 36. Rd1 Rb2 37. Nc1 Ne4+ 38. Kf1 d5 39. Nd3 Rxh2 40. Nxc5 Nxg3+ 41. Kg1 Rbb2 42. Rf1 Rhg2# 0-1

[Event "IECC O-4672"]
[Site "IECC email"]
[Date "2018.03.09"]
[Round "?"]
[White "Haaland, Phillip L"]
[Black "Stringer Lester, Della Diane"]
[Result "0-1"]
[WhiteElo "852"]
[BlackElo "1147"]
[PlyCount "100"]
[EventDate "2018.??.??"]
[EventType "swiss (corr)"]
[EventRounds "2"]
[SourceTitle "Corr 2020"]
[Source "ChessBase"]
[SourceDate "2019.09.30"]
[SourceVersion "1"]
[SourceVersionDate "2019.09.30"]
[SourceQuality "1"]
[WhiteTeam "United States"]
[BlackTeam "United States"]
[WhiteTeamCountry "USA"]
[BlackTeamCountry "USA"]

1. e4 c5 2. d3 Nc6 3. Be2 g6 4. Nh3 Bg7 5. 0-0 d5 6. Bf3 Bxh3 7. gxh3 d4 8. c4 e5 9. b3 Qh4 10. Bg2 Nf6 11. Bd2 0-0 12. Be1 Nb4 13. f3 Qf4 14. Bd2 Qh4 15. Be1 Qh5 16. a3 Nc6 17. Qc1 b6 18. a4 Bh6 19. Bd2 Bxd2 20. Nxd2 Qh4 21. Ra2 Nb4 22. Rb2 Nxd3 23. Qb1 Nxb2 24. Qxb2 Nh5 25. Qc1 Nf4 26. Qe1 Qg5 27. Rf2 Nxh3+ 28. Kf1 Nxf2 29. Qxf2 Kg7 30. Nb1 Rae8 31. Qd2 Qe7 32. Na3 h5 33. Nb5 f5 34. Nxa7 Qxa7 35. Qe2 h4 36. exf5 Rxf5 37. Bh3 Rf4 38. Bg2 Qb7 39. Qd2 Ref8 40. Qe2 Rxf3+ 41. Bxf3 Rxf3+ 42. Kg2 Rxb3+ 43. Kf2 Qf7+ 44. Ke1 Rb1+ 45. Kd2 Rb2+ 46. Kd1 Rxe2 47. Kxe2 Qxc4+ 48. Kf3 Qxa4 49. Kg4 d3+ 50. Kg5 Qf4# 0-1

[Event "IECC O-4542"]
[Site "IECC email"]
[Date "2017.05.27"]
[Round "?"]
[White "Haaland, Phillip L"]
[Black "Stringer Lester, Della Diane"]
[Result "0-1"]
[WhiteElo "876"]
[BlackElo "1169"]
[PlyCount "42"]
[EventDate "2017.??.??"]
[EventType "swiss (corr)"]
[EventRounds "2"]
[SourceTitle "Corr 2020"]
[Source "ChessBase"]
[SourceDate "2019.09.30"]
[SourceVersion "1"]
[SourceVersionDate "2019.09.30"]
[SourceQuality "1"]
[WhiteTeam "United States"]
[BlackTeam "United States"]
[WhiteTeamCountry "USA"]
[BlackTeamCountry "USA"]

1. e4 c5 2. Bb5 a6 3. Ba4 b5 4. Bb3 c4 5. Bxc4 bxc4 6. Na3 d5 7. Qf3 e6 8. exd5 exd5 9. Ne2 Nf6 10. 0-0 Bd6 11. Nc3 Be6 12. Qd1 0-0 13. g3 Re8 14. Re1 Bg4 15. Ne2 Nbd7 16. b3 Ne5 17. Rf1 Bh3 18. Kh1 Bxf1 19. Qxf1 Qb6 20. Bb2 Neg4 21. f3 Nf2+ 0-1

[Event "IECC O-4488"]
[Site "IECC email"]
[Date "2017.02.15"]
[Round "?"]
[White "Haaland, Phillip L"]
[Black "Stringer Lester, Della Diane"]
[Result "0-1"]
[WhiteElo "848"]
[BlackElo "1136"]
[PlyCount "66"]
[EventDate "2017.??.??"]
[EventType "swiss (corr)"]
[EventRounds "2"]
[SourceTitle "Corr 2020"]
[Source "ChessBase"]
[SourceDate "2019.09.30"]
[SourceVersion "1"]
[SourceVersionDate "2019.09.30"]
[SourceQuality "1"]
[WhiteTeam "United States"]
[BlackTeam "United States"]
[WhiteTeamCountry "USA"]
[BlackTeamCountry "USA"]

1. d4 d5 2. e3 c5 3. dxc5 Nf6 4. Be2 e5 5. Bd2 Bxc5 6. Nc3 a6 7. Nf3 Nc6 8. 0-0 0-0 9. g3 Bd7 10. Nxd5 Nxd5 11. e4 Nf6 12. Nh4 Nxe4 13. Be1 Bh3 14. Qxd8 Nxd8 15. Ba5 Bxf1 16. Bxf1 Bxf2+ 17. Kg2 Nc6 18. Kf3 Bxg3 19. Kxe4 Bxh4 20. Bc3 Rfe8 21. Kf3 Nd4+ 22. Kg4 Bf2 23. Bxd4 Bxd4 24. Rd1 Bxb2 25. Rb1 Bc3 26. Rxb7 Red8 27. Rc7 Be1 28. Rc6 a5 29. Rb6 Rd2 30. Rb1 Bf2 31. Bg2 Rc8 32. Be4 Rc4 33. Re1 Bxe1 0-1

[Event "IECC O-4362"]
[Site "IECC email"]
[Date "2016.07.28"]
[Round "?"]
[White "Stringer Lester, Della Diane"]
[Black "Haaland, Phillip L"]
[Result "1-0"]
[WhiteElo "1053"]
[BlackElo "781"]
[PlyCount "101"]
[EventDate "2016.??.??"]
[EventType "swiss (corr)"]
[EventRounds "2"]
[SourceTitle "Corr 2020"]
[Source "ChessBase"]
[SourceDate "2019.09.30"]
[SourceVersion "1"]
[SourceVersionDate "2019.09.30"]
[SourceQuality "1"]
[WhiteTeam "United States"]
[BlackTeam "United States"]
[WhiteTeamCountry "USA"]
[BlackTeamCountry "USA"]

1. e4 e5 2. Nf3 Nc6 3. Bb5 Nf6 4. d4 exd4 5. Bxc6 dxc6 6. e5 Ne4 7. a3 g6 8. Nxd4 c5 9. f3 Ng5 10. f4 Ne6 11. Nxe6 Bxe6 12. 0-0 Bh6 13. Qf3 Rb8 14. Be3 b6 15. Qc6+ Qd7 16. Qe4 0-0 17. Nc3 Bf5 18. Rad1 Qc8 19. Qa4 Rb7 20. Nb5 c6 21. Nxa7 Qa8 22. Rd6 Rxa7 23. Qxc6 Qxc6 24. Rxc6 Rb7 25. c3 Rbb8 26. g3 Bh3 27. Rd1 Bg4 28. Rd2 Rb7 29. c4 Bf3 30. Rcd6 Rfb8 31. Kf2 Bg4 32. R2d3 Bf8 33. Rd8 Bf5 34. Rd2 Bc8 35. Re8 Bd7 36. Rxd7 Rxe8 37. Rxb7 Re6 38. Ke2 Be7 39. Rb8+ Bf8 40. b4 Rc6 41. b5 Rc7 42. Rxb6 Ra7 43. Bc1 Ra4 44. Kd3 g5 45. f5 Bg7 46. Rb8+ Bf8 47. b6 Kg7 48. f6+ Kg6 49. Rxf8 Ra6 50. b7 Rb6 51. b8Q 1-0

[Event "IECC O-4348"]
[Site "IECC email"]
[Date "2016.07.05"]
[Round "?"]
[White "Haaland, Phillip L"]
[Black "Stringer Lester, Della Diane"]
[Result "0-1"]
[WhiteElo "801"]
[BlackElo "1008"]
[PlyCount "78"]
[EventDate "2016.??.??"]
[EventType "swiss (corr)"]
[EventRounds "2"]
[SourceTitle "Corr 2020"]
[Source "ChessBase"]
[SourceDate "2019.09.30"]
[SourceVersion "1"]
[SourceVersionDate "2019.09.30"]
[SourceQuality "1"]
[WhiteTeam "United States"]
[BlackTeam "United States"]
[WhiteTeamCountry "USA"]
[BlackTeamCountry "USA"]

1. d4 Nf6 2. Nc3 e6 3. e4 Bb4 4. Bg5 a6 5. Bc4 0-0 6. Nf3 d5 7. exd5 exd5 8. Bb3 Re8+ 9. Be3 Ng4 10. 0-0 Nxe3 11. fxe3 c6 12. Re1 f5 13. h3 Qd6 14. a3 Ba5 15. Na4 Bxe1 16. Qxe1 Nd7 17. Ng5 b5 18. Qe2 bxa4 19. Bxa4 Bb7 20. Qd3 g6 21. Qb3 Rab8 22. Qc3 Nb6 23. Bb3 h6 24. Nf3 Nd7 25. Qe1 Nf6 26. Qh4 Kg7 27. c3 Rxe3 28. Ne5 Bc8 29. Ba4 c5 30. Kf2 Re4 31. Qg3 Rxb2+ 32. Kg1 f4 33. Qh4 cxd4 34. cxd4 Rxd4 35. Bd1 Qxe5 36. a4 Qe3+ 37. Kh2 f3 38. Bxf3 Rxh4 39. Bg4 Nxg4+ 0-1

[Event "IECC O-3933"]
[Site "IECC email"]
[Date "2014.09.13"]
[Round "?"]
[White "Stringer Lester, Della Diane"]
[Black "Haaland, Phillip L"]
[Result "1-0"]
[WhiteElo "996"]
[BlackElo "855"]
[PlyCount "33"]
[EventDate "2014.??.??"]
[EventType "swiss (corr)"]
[EventRounds "2"]
[SourceTitle "Corr 2020"]
[Source "ChessBase"]
[SourceDate "2019.09.30"]
[SourceVersion "1"]
[SourceVersionDate "2019.09.30"]
[SourceQuality "1"]
[WhiteTeam "United States"]
[BlackTeam "United States"]
[WhiteTeamCountry "USA"]
[BlackTeamCountry "USA"]

1. e4 e5 2. Nf3 d6 3. d4 Nc6 4. b3 Nf6 5. Nc3 g6 6. Bc4 Bg7 7. 0-0 0-0 8. Re1 Re8 9. Bg5 Bg4 10. Qd3 exd4 11. Nd5 Rc8 12. h3 Bxf3 13. gxf3 Qd7 14. Nxf6+ Bxf6 15. Bxf6 a6 16. Qd2 b5 17. Qh6 1-0

[Event "IECC O-3880"]
[Site "IECC email"]
[Date "2014.04.27"]
[Round "?"]
[White "Stringer Lester, Della Diane"]
[Black "Haaland, Phillip L"]
[Result "1-0"]
[WhiteElo "992"]
[BlackElo "857"]
[PlyCount "127"]
[EventDate "2014.??.??"]
[EventType "swiss (corr)"]
[EventRounds "2"]
[SourceTitle "Corr 2020"]
[Source "ChessBase"]
[SourceDate "2019.09.30"]
[SourceVersion "1"]
[SourceVersionDate "2019.09.30"]
[SourceQuality "1"]
[WhiteTeam "United States"]
[BlackTeam "United States"]
[WhiteTeamCountry "USA"]
[BlackTeamCountry "USA"]

1. d4 d5 2. c4 dxc4 3. Nf3 Nf6 4. e3 g6 5. Bxc4 Bg7 6. Qa4+ Bd7 7. Qc2 0-0 8. e4 Nc6 9. Be3 Nh5 10. Nc3 Re8 11. 0-0 e5 12. Rfd1 exd4 13. Bg5 Bf6 14. Bh6 dxc3 15. bxc3 Qe7 16. Bd5 Na5 17. Rab1 c6 18. Bb3 Bg7 19. Be3 Be6 20. c4 Qf8 21. e5 Bh6 22. Ng5 Qg7 23. f4 Bf5 24. Ne4 Nxf4 25. Bc5 Qxe5 26. Bd6 Qe6 27. Rd4 Qd7 28. Re1 b5 29. c5 Bg7 30. Rdd1 Bxe4 31. Rxe4 Qg4 32. Bxf4 Bf8 33. Rdd4 Nb7 34. Be5 Qf5 35. g4 Qf3 36. g5 Bxc5 37. Qf2 Bxd4 38. Qxd4 Qf5 39. h4 Rad8 40. Qf2 Qxf2+ 41. Kxf2 Nc5 42. Bxf7+ Kxf7 43. Rf4+ Kg8 44. Ba1 Rd2+ 45. Kg3 Rxa2 46. Rf1 Re4 47. Bf6 Ra3+ 48. Kf2 Rxh4 49. Be7 Rc3 50. Bd6 Ne6 51. Re1 Nxg5 52. Re8+ Kg7 53. Be5+ Kh6 54. Bxc3 Ne4+ 55. Kf3 Nxc3 56. Re6 Rc4 57. Ke3 Rc5 58. Kd4 Na4 59. Re7 a5 60. Re1 Rc4+ 61. Ke5 b4 62. Rf1 b3 63. Kf6 b2 64. Rh1+ 1-0